| 000 | 00716nam a2200133Ia 4500 | ||
|---|---|---|---|
| 008 | 220620s9999||||xx |||||||||||||| ||und|| | ||
| 020 | _a9782890000000 | ||
| 245 | 0 | _aAdvances in Musculoskeletal Modeling and their Application to Neurorehabilitation | |
| 546 | _aEnglish[eng] | ||
| 650 | _amusculoskeletal modeling||rehabilitation||neuromechanics||neurorehabilitation||neuromusculoskeletal modeling||assistive devices||predictive dynamic simulation||biomechatronics | ||
| 700 | _aShourijeh, Mohammad S.||Mehrabi, Naser||McPhee, John J.||Fregly, Benjamin J. | ||
| 856 | _uhttps://www.frontiersin.org/research-topics/8775/advances-in-musculoskeletal-modeling-and-their-application-to-neurorehabilitation | ||
| 942 | _cEB | ||
| 999 |
_c27236 _d27236 |
||